Duro de verdad PT.2 - Bad Gyal x Los Sufridos - Estadísticas

Estadísticas generales
  • Esta prueba ha sido intentada 11 veces
  • La puntuación promedio es 240 de 320
Estadísticas de respuestas
Letra Respuesta % Correcto
a
100%
de
100%
Pa
100%
pa
100%
tu
100%
Y
100%
y
100%
anda
90%
Ando
90%
carcel
90%
cárcel
90%
demasiado
90%
demonia
90%
duro
90%
en
90%
es
90%
fui
90%
ha
90%
infierno
90%
la
90%
las
90%
lo
90%
Lo
90%
los
90%
me
90%
mi
90%
No
90%
no
90%
"no
90%
que
90%
se
90%
te
90%
Te
90%
tengo
90%
Tengo
90%
tiempo
90%
to
90%
todos
90%
un
90%
una
90%
yo
90%
Intro Bad
80%
(Bad
80%
con
80%
coro
80%
desacató
80%
el
80%
guardo
80%
Gyal
80%
Gyal)
80%
hacer
80%
haciéndote
80%
ido
80%
loca
80%
mal
80%
Ni
80%
seas
80%
semana
80%
tan
80%
tenía
80%
verdad
80%
Activé
70%
Ahora
70%
chulitos
70%
como
70%
Como
70%
estar
70%
ey
70%
fines
70%
fue
70%
imaginaste
70%
luto
70%
más
70%
panas
70%
supertalento
70%
banda
60%
Sufridos
60%
voy
60%
acuerdo
50%
atrás
50%
cambié
50%
carbon
50%
culpa
50%
Dando
50%
derecho
50%
di
50%
espejo
50%
fumar
50%
ganas
50%
gusta
50%
hacíamos
50%
he
50%
hookah
50%
marihuana
50%
menos
50%
negar
50%
nuestro
50%
olvidar
50%
pienso
50%
por
50%
quedó
50%
ruta
50%
sentimiento
50%
sentir
50%
sigo
50%
veces
50%
vuelto
50%
ya
50%
ahí
40%
aprendí
40%
chucky
40%
Duramos
40%
Estoy
40%
Hollywood
40%
line
40%
movie
40%
nenas
40%
siento
40%
Uno
40%
up
40%
viendo
40%
anestesiado
30%
Bebo
30%
carro
30%
estabas
30%
luz
30%
úntate
30%
VapoRub
30%
varios
30%
viviendo
30%
Acelera
20%
acelera
20%
apecho"
20%
atrasa
20%
chanceo
20%
doblo
20%
eso
20%
suelta
20%
Vick
20%
dolida?
10%
¿Estás
10%
llama
10%
otra
10%
vez
10%
Mamita
0%
No se encontraron pruebas coincidentes
Distribución de puntuación
Porcentaje de gente con cada puntuación
Porcentaje por número respondido
Historial de tus puntuaciones
No has intentado esta prueba.